ბათუმის შოთა რუსთაველის სახელმწიფო უნივერსიტეტის ბიბლიოთეკა

სტრაბონი კოლხეთის შესახებ : (ბიბ.ჩანაწერი № 36768)

000 -ლიდერი
ფიქსირებული სიგრძის საკონტროლო ველი 01295nam a2200217Ia 4500
001 - საკონტროლო ნომერი
საკონტროლო ველი 2707
003 - საკონტროლო ნომრის იდენტიფიკატორი
საკონტროლო ველი GE_BSU
005 - ბოლო ოპერაციის თარიღი და დრო
საკონტროლო ველი 20190605192945.0
008 - ფიქსირებული სიგრძის მონაცემთა ელემენტები - ზოგადი ინფორმაცია
ფიქსირებული სიგრძის საკონტროლო ველი 181216s2011||||ge |||||||||||||| ||geo||
020 ## - წიგნის საერთაშორისო სტანდარტული ნომერი
International Standard Book Number 9789941200014
040 ## - კატალოგიზაციის წყარო
Transcribing agency GE_BSU
080 ## - უნივერსალური ათობითი კლასიფიკაციის ინდექსი
Universal Decimal Classification number 94(395.3)(09)
245 ## - ცნობა სათაურის შესახებ
Title სტრაბონი კოლხეთის შესახებ :
Remainder of title გამოკვლევა რუკებით /
Statement of responsibility, etc მიტროპოლიტი ანანია ჯაფარიძე ; სამეცნ. რედ. ი. გორგიძე ; საქ. საპატრიარქოს რეალური ისტ. დამდგენი მუდმივმოქმ. კომისია.
264 ## - წარმოების, გამოცემის, დისტრიბუციის და სხვა ცნობები
გამოცემის, წარმოების, დისტრიბუციის... ადგილი თბილისი :
გამოცემის, წარმოების, დისტრიბუციის... სახელწოდება ტექნ. უნ-ტი,
გამოცემის, წარმოების, დისტრიბუციის... თარიღი 2011.
300 ## - ფიზიკური აღწერა
Extent 52 გვ. ;
Other physical details 29 სმ.
653 ## - INDEX TERM--UNCONTROLLED
Uncontrolled term კოლხეთის ისტორია
653 ## - INDEX TERM--UNCONTROLLED
Uncontrolled term საქართველოს ისტორიის უცხოური წყაროები
700 ## - ADDED ENTRY--PERSONAL NAME
Personal name გორგიძე, ი.
Relator term რედაქტორი
9 (RLIN) 2178
710 ## - ADDED ENTRY--CORPORATE NAME
Corporate name or jurisdiction name as entry element საქ. საპატრიარქოს რეალური ისტ. დამდგენი მუდმივმოქმ. კომისია
9 (RLIN) 2184
942 ## - ADDED ENTRY ELEMENTS (KOHA)
Koha item type წიგნი
Source of classification or shelving scheme
ეგზემპლარები
ჩამოწერის სტატუსი დაკარგული ეგზემპლარის სტატუსი კლასიფიკაციის წყარო ან თაროზე გაწყობის სქემა დაზიანების სტატუსი არ გაიცემა მუდმივი მდებარეობა (დაცვის ადგილი) ამჟამინდელი ადგილსამყოფელი თაროზე განთავსების ადგილი შეძენის თარიღი ღირებულება, შესყიდვის ნორმალური ფასი სრული შენახვის შიფრი შტრიხკოდი ბოლო ოპერაციის თარიღი ეგზემპლარის მიმდევრობითი ნომერი (კეტერი?) ფასის ძალაში შესვლის თარიღი ეგზემპლარის სახეობა საჯარო შენიშვნა Uniform Resource Identifier
          ბათუმის შოთა რუსთაველის სახელმწიფო უნივერსიტეტის მთავარი ბიბლიოთეკა ბათუმის შოთა რუსთაველის სახელმწიფო უნივერსიტეტის მთავარი ბიბლიოთეკა წიგნსაცავი 2018-12-17 6.00 94(395.3)(09) ჯ–26 4589 2018-12-17 4589 2018-12-17 წიგნი 6 ლ.  
          ბათუმის შოთა რუსთაველის სახელმწიფო უნივერსიტეტის მთავარი ბიბლიოთეკა ბათუმის შოთა რუსთაველის სახელმწიფო უნივერსიტეტის მთავარი ბიბლიოთეკა წიგნსაცავი 2018-12-17 6.00 94(395.3)(09) 4590 2018-12-17 4590 2018-12-17 წიგნი 6 ლ.  
          ბათუმის შოთა რუსთაველის სახელმწიფო უნივერსიტეტის მთავარი ბიბლიოთეკა ბათუმის შოთა რუსთაველის სახელმწიფო უნივერსიტეტის მთავარი ბიბლიოთეკა წიგნსაცავი 2023-04-05 7.00 94(395.3)(09) 64174 2023-04-05 64174 2023-04-05 წიგნი 7 ლ. ბსუ-ს საპატიო დოქტორის გურამ ლორთქიფანიძის საჩუქარი